Nghề và làng nghề thủ công ở Thái Bình

שמור ב:
מידע ביבליוגרפי
מחבר ראשי: Nguyễn, Thanh
פורמט: ספר
שפה:Vietnamese
יצא לאור: Hà Nội Văn hóa Thông tin 2014
נושאים:
תגים: הוספת תג
אין תגיות, היה/י הראשונ/ה לתייג את הרשומה!
Thư viện lưu trữ: Trung tâm Học liệu Lê Vũ Hùng, Trường Đại học Đồng Tháp
LEADER 00940aam a22003138a 4500
001 00032270
005 20171026081025.0
008 140603s2014 ||||||viesd
020 # # |a 9786045015179 
041 0 # |a vie 
082 1 4 |a 680.095 973 6  |b NGH250V 
100 1 # |a Nguyễn, Thanh 
245 1 0 |a Nghề và làng nghề thủ công ở Thái Bình  |c Nguyễn Thanh 
260 # # |a Hà Nội  |b Văn hóa Thông tin  |c 2014 
300 # # |a 274 tr.  |c 21 cm  |b bảng 
500 # # |a ĐTTS ghi: Hội Văn nghệ dân gian Việt Nam 
504 # # |a Thư mục: tr. 267 - 269 
653 # # |a Làng nghề 
653 # # |a Thái Bình 
653 # # |a Thủ công 
653 # # |a Việt Nam 
852 # # |b Kho đọc  |j KD.0015809 
852 # # |j KD.0015809 
910 |d 3/6/2014 
980 # # |a Trung tâm Học liệu Lê Vũ Hùng, Trường Đại học Đồng Tháp